|
|
|
|
| LEADER |
00000nam a2200000 a 4500 |
| 001 |
vtls001423765 |
| 003 |
SK-MaSNL |
| 005 |
20260301202531.0 |
| 008 |
240318sm y0 xo 0 und |
| 035 |
|
|
|a SNK000378642
|
| 040 |
|
|
|a SNK
|b slo
|c SNK
|e AACR2
|
| 044 |
|
|
|a xo
|c SK
|
| 100 |
1 |
|
|a Seiji, Tamura
|4 aut
|9 584692
|
| 245 |
1 |
0 |
|a Spôsob výroby membrány k plynomeru. B29C 69/00
|
| 260 |
|
|
|a Banská Bystrica
|b Úrad priemyselného vlastníctva SR
|c 2001
|
| 300 |
|
|
|c 11 s.
|
| 999 |
|
|
|c 899191
|d 901121
|
| 952 |
|
|
|t P60, <04>, [BOOK], {604}
|a SNK
|b SNK
|y VYP
|7 0
|p 17A0320841
|o snkSK 281579
|i snkPS 1074/2001
|0 0
|1 0
|4 0
|d 2001-11-08
|l 0
|r 2005-01-02 00:00:00
|w 2026-02-24
|